[Event "King's Gambit A"]
[Site "Lipetsk RUS"]
[Date "2007.07.02"]
[Round "14"]
[White "Kupreichik,V"]
[Black "Sjugirov,S"]
[Result "1/2-1/2"]
[WhiteElo "2402"]
[BlackElo "2395"]

1.Nc3 c5 2.e4 Nc6 3.Nf3 g6 4.d4 cxd4 5.Nxd4 Bg7 6.Be3 Nf6 7.Nxc6 bxc6 8.e5 Nd5
9.Nxd5 cxd5 10.Qxd5 Rb8 11.Bxa7 Rxb2 12.Bd4 Rxc2 13.Bd3 Rc6 14.O-O Ba6 15.Bxa6 Rxa6
16.a4 O-O 17.Rfd1 Ra5 18.Qb7 Qa8 19.Qxd7 Rd5 20.Qxe7 Qd8 21.Qxd8 Rfxd8 22.f4 Rxd4
23.Rxd4 Rxd4 24.a5 Bf8 25.g3 Rd2 26.a6 Bc5+ 27.Kh1 Ba7 28.Rc1 Rd7 29.Kg2 Kg7
30.Rc2 Re7 31.Rc6 Re6 32.Rxe6 fxe6 33.Kf3 h5 34.h3 g5 35.fxg5 Kg6 36.Kf4 Bb6
37.h4 Ba7 38.g4 Bg1 39.gxh5+ Kxh5 40.Ke4 Kg6 41.Kd3 Kf5 42.Kc4 Kxe5 43.h5 Kf5
44.h6 Kg6 45.Kb5 e5 46.Kc4 e4 47.Kc3 Ba7 48.Kd2  1/2-1/2

[Event "ch-BEL Expert"]
[Site "Namur BEL"]
[Date "2007.07.02"]
[Round "3"]
[White "Decoster,F"]
[Black "Mohandesi,S"]
[Result "0-1"]
[WhiteElo "2174"]
[BlackElo "2309"]

1.e4 c5 2.Nf3 Nc6 3.Nc3 Nf6 4.d4 cxd4 5.Nxd4 e5 6.Ndb5 d6 7.Bg5 a6 8.Na3 b5
9.Bxf6 gxf6 10.Nd5 f5 11.Bd3 Be6 12.O-O Rc8 13.c4 fxe4 14.Bxe4 Nd4 15.Qh5 bxc4
16.f4 Bg7 17.f5 Bxd5 18.Bxd5 Qf6 19.Nxc4 O-O 20.Nb6 Rcd8 21.Be4 Qh6 22.Qg4 Kh8
23.Nd5 Bf6 24.Rae1 Rg8 25.Qd1 Bg5 26.Qd3 a5 27.b3 Bd2 28.Rd1 Bb4 29.Kh1 Rg4
30.g3 Rdg8 31.Rg1 Bc5 32.Rg2 Rb8 33.Ne3 Rg7 34.Nd5 f6 35.Nc3 Qh5 36.Nd5 Rf8
37.Re1 Qh6 38.Rd1 Qg5 39.Re1 h5 40.Rd1 Qh6 41.Nc3 Bb4 42.Nd5 Rc8 43.Qa6 Rc6
44.Qa8+ Rg8 45.Qb7 Rc1 46.Rxc1 Qxc1+ 47.Rg1 Qh6 48.Ne7 Rg7 49.Qc8+ Kh7 50.Bd5 Qg5
51.Qf8 Bc5 52.Bf7 Nxf5 53.Rf1 Nxe7 54.Qxe7 h4 55.Rf3 f5 56.Qe6 hxg3 57.hxg3 Qc1+  0-1

[Event "White Nights"]
[Site "St Petersburg RUS"]
[Date "2007.07.03"]
[Round "9"]
[White "Bodnaruk,A"]
[Black "Sichinava,Z"]
[Result "1-0"]
[WhiteElo "2270"]
[BlackElo "2140"]

1.e4 c5 2.Nc3 Nc6 3.Nf3 g6 4.d4 cxd4 5.Nxd4 Bg7 6.Be3 Nf6 7.Nxc6 bxc6 8.e5 Nd5
9.Nxd5 cxd5 10.Qxd5 Rb8 11.O-O-O Bb7 12.Qc5 Rc8 13.Qxa7 Qc7 14.c3 Bxe5 15.Qb6 Qxb6
16.Bxb6 e6 17.Bd4 Bf4+ 18.Kb1 O-O 19.f3 e5 20.Bf2 d5 21.g3 Bh6 22.Bg2 Rfd8
23.Rhe1 Bg7 24.f4 exf4 25.gxf4 Rc4 26.Bd4 Bh6 27.Re7 Bc8 28.Bb6 Rf8 29.Bxd5 Rxf4
30.Be3 Bf5+ 31.Ka1 Rh4 32.Bxh6 Rxh6 33.Rd2 Rh4 34.c4 Rd8 35.b3 Rf4 36.Kb2 h5
37.a4 Rf8 38.a5 Bc8 39.b4 Be6 40.Bxe6 fxe6 41.Kc3 Rc8 42.c5 Rb8 43.c6 Rfxb4
44.c7 Rb3+ 45.Kc4  1-0

[Event "XXV Andorra Open"]
[Site "Andorra la Vella AND"]
[Date "2007.07.04"]
[Round "5"]
[White "Kogan,Ar"]
[Black "Edouard,R"]
[Result "1-0"]
[WhiteElo "2566"]
[BlackElo "2447"]

1.e4 c5 2.Nf3 Nc6 3.Nc3 e5 4.Bc4 d6 5.d3 Be7 6.O-O Nf6 7.h3 O-O 8.a3 b6 9.Rb1 Be6
10.Nd5 a6 11.Re1 b5 12.Ba2 Nb8 13.b4 Nbd7 14.c4 Rb8 15.Qc2 bxc4 16.dxc4 Bxd5
17.cxd5 cxb4 18.axb4 Qb6 19.Be3 Qb7 20.Bc4 Nb6 21.Bd3 Na8 22.Nd2 Nc7 23.Nc4 Nb5
24.Na5 Qd7 25.Qc6 Ra8 26.Ra1 Nd4 27.Qxd7 Nxd7 28.Nc6 Bd8 29.Nxd4 exd4 30.Bxd4 Bf6
31.Bxf6 Nxf6 32.Bxa6 Rfe8 33.Bb5 Rxa1 34.Rxa1 Rb8 35.Bd3 Kf8 36.Ra4 Rc8 37.b5 Rc3
38.Bf1 Rb3 39.g3 Nd7 40.Ra8+ Ke7 41.Ra7 Ke8 42.Be2 Rb2 43.Kf1 Rb1+ 44.Kg2 Rb2
45.Bg4 Nc5 46.e5 Rxb5 47.exd6 Nb7 48.Ra8+ Nd8 49.d7+  1-0

[Event "XXV Andorra Open"]
[Site "Andorra la Vella AND"]
[Date "2007.07.05"]
[Round "6"]
[White "Fernandez Romero,Ern"]
[Black "Vega Gutierrez,S"]
[Result "1-0"]
[WhiteElo "2437"]
[BlackElo "2335"]

1.e4 c5 2.Nf3 Nc6 3.Nc3 Nf6 4.Bb5 Qc7 5.O-O Nd4 6.Ba4 e5 7.d3 h6 8.Nxd4 cxd4
9.Ne2 Qa5 10.Bb3 d6 11.f4 Be7 12.Bd2 Qc5 13.Ng3 a5 14.fxe5 dxe5 15.Nh5 a4
16.Bc4 Kf8 17.Nxf6 Bxf6 18.a3 Ke8 19.Qh5 Qc7 20.Bb4 Qd7 21.Rxf6 gxf6 22.Rf1 b5
23.Rxf6 bxc4 24.Qxe5+ Kd8 25.Rd6 Re8 26.Rxd7+ Bxd7 27.Ba5+  1-0

[Event "Asian Youth BU16"]
[Site "Tashkent UZB"]
[Date "2007.07.05"]
[Round "7"]
[White "Mustafaev,J"]
[Black "Mustafaev,K"]
[Result "1-0"]
[WhiteElo "2232"]
[BlackElo "2284"]

1.e4 c5 2.Nf3 Nc6 3.Nc3 Nf6 4.d4 cxd4 5.Nxd4 d6 6.Be3 e6 7.f4 Qc7 8.Bd3 Be7
9.O-O O-O 10.Kh1 a6 11.a4 Re8 12.Qe1 Nd7 13.Qg3 Bf6 14.Nb3 b6 15.Rae1 Bb7
16.f5 e5 17.Nd5 Qd8 18.Nxf6+ Nxf6 19.Bh6 Nh5 20.Qg4 Kh8 21.Qxh5 gxh6 22.Qxf7 Qe7
23.Qxe7 Nxe7 24.Nd2 Rad8 25.Nc4 Nc8 26.Ne3 Rf8 27.f6 Rd7 28.Ng4 h5 29.Nh6 Na7
30.Re3  1-0

[Event "XXV Andorra Open"]
[Site "Andorra la Vella AND"]
[Date "2007.07.06"]
[Round "7"]
[White "Perez Candelario,Man"]
[Black "Huerga Leache,M"]
[Result "1/2-1/2"]
[WhiteElo "2511"]
[BlackElo "2344"]

1.e4 c5 2.Nc3 Nc6 3.Nf3 Nf6 4.d4 cxd4 5.Nxd4 e5 6.Ndb5 d6 7.Bg5 a6 8.Na3 b5
9.Nd5 Be7 10.Bxf6 Bxf6 11.c4 b4 12.Nc2 a5 13.Be2 O-O 14.O-O Bg5 15.Qd3 Be6
16.Rad1 Bxd5 17.exd5 Nb8 18.c5 dxc5 19.d6 Nc6 20.Qd5 Nd4 21.Nxd4 cxd4 22.Bb5 a4
23.Rfe1 Ra5 24.d7 Bf6 25.Qc6 Qa8 26.Qxa8 Rfxa8 27.Bc6 Rf8 28.Rc1 a3 29.b3 Bg5
30.Rc4 d3 31.h4 Be7 32.Rd1 Rc5 33.Rxd3 Rxc4 34.bxc4 Rd8 35.g3 Bc5 36.Kg2 Bd4
37.f4 f6 38.fxe5 fxe5 39.Rf3 g6 40.g4 Kg7 41.g5 h6 42.gxh6+ Kxh6 43.Kh3 g5
44.Ba4 gxh4 45.Kxh4 Kg6 46.Kg4 Bb6 47.Rd3 Bd4 48.Rf3 Bb6 49.Rf5 Bd4 50.c5 Bxc5
51.Rxe5 Bd4 52.Rb5 Rxd7 53.Rg5+ Kf6 54.Bxd7 b3 55.axb3 a2 56.Ra5  1/2-1/2

[Event "XXX Open"]
[Site "Barbera del Valles ESP"]
[Date "2007.07.06"]
[Round "1"]
[White "Ben Porat,O"]
[Black "Jankovic,A"]
[Result "0-1"]
[WhiteElo "2193"]
[BlackElo "2536"]

1.e4 c5 2.Nf3 Nc6 3.Nc3 d6 4.d4 cxd4 5.Nxd4 Nf6 6.Bc4 Qb6 7.Ndb5 a6 8.Be3 Qa5
9.Nd4 e6 10.O-O Qc7 11.Bb3 Na5 12.f4 b5 13.f5 e5 14.Nde2 Nc4 15.Bxc4 Qxc4
16.Qd3 Bb7 17.Qxc4 bxc4 18.Ng3 h5 19.h4 Ng4 20.Rfe1 Be7 21.f6 Bxf6 22.Nf5 Nxe3
23.Rxe3 O-O-O 24.Rd1 d5 25.exd5 g6 26.Ng3 Bxh4 27.Nf1 Rhe8 28.Re4 Be7 29.Rxc4+ Kb8
30.Kf2 f5 31.g3 e4 32.b4 Rc8 33.Rxc8+ Rxc8 34.d6 Bd8 35.Na4 Rxc2+ 36.Rd2 e3+
37.Kxe3 Bg5+ 38.Kd3 Bxd2 39.Nxd2 Rc6 40.Nc4 f4 41.Nc5 fxg3 42.Ke3 Rc8 43.d7 Rf8  0-1

[Event "XXX Open"]
[Site "Barbera del Valles ESP"]
[Date "2007.07.06"]
[Round "1"]
[White "Casanellas Ruano,L"]
[Black "Perpinya Rofes,L"]
[Result "0-1"]
[WhiteElo "2091"]
[BlackElo "2400"]

1.e4 c5 2.Nf3 Nc6 3.Nc3 d6 4.Bb5 Bd7 5.O-O e6 6.Re1 Be7 7.d3 Nf6 8.Bg5 O-O
9.h3 a6 10.Bxc6 Bxc6 11.e5 Nd7 12.Bxe7 Qxe7 13.exd6 Qxd6 14.Re3 e5 15.Qe2 Rae8
16.Re1 Qg6 17.Nh4 Qf6 18.Nf3 Qd8 19.Qd1 f6 20.Nb1 Rf7 21.b3 Nf8 22.Rf1 Ne6
23.Nbd2 Nf4 24.Qa1 Qc8 25.a4 Qf5 26.Kh2 g5 27.Ne4 Nd5 28.Re2 Rd8 29.Ng3 Qg6
30.Qb2 h5 31.Ne1 h4 32.Ne4 Nf4 33.Re3 Rg7 34.f3 Nd5 35.Re2 b6 36.a5 f5 37.Nf2 Re8
38.Rxe5 Qd6 39.f4 Nxf4 40.Rxe8+ Bxe8 41.Kh1 Ne2 42.axb6 Ng3+ 43.Kg1 Ne2+
44.Kh1 Bc6 45.Qa3 Ng3+ 46.Kg1 Ne2+ 47.Kh1 Bb7 48.Qa4 Ng3+ 49.Kg1 Ne2+ 50.Kh1 Re7
51.Qc4+ Qd5 52.Qxd5+ Bxd5 53.Kh2 Ng3 54.Rg1 Re2 55.Nd1 Bc6 56.Nc3 Rd2 57.Na4 f4
58.Nxc5 f3 59.b7 Bxb7 60.Nxb7 f2 61.Nf3 fxg1=Q+ 62.Kxg1 Rxc2 63.Nxg5 Ne2+
64.Kf1 Nc1 65.d4 Nxb3 66.Nf3 Nd2+ 67.Ke2 Nxf3+ 68.Kxf3 Rd2 69.Ke3 Rxg2 70.Kf4 Kf7
71.d5 Rg3 72.Nc5 a5 73.d6 Rxh3 74.Kg4 Rc3 75.Nb7 Ke6 76.Kxh4 a4 77.Kg5 a3  0-1

[Event "Tespo Engineering"]
[Site "Brno CZE"]
[Date "2007.07.06"]
[Round "9"]
[White "Cernousek,L"]
[Black "Savage,B"]
[Result "0-1"]
[WhiteElo "2411"]
[BlackElo "2332"]

1.e4 c5 2.Nc3 Nc6 3.Bb5 Nd4 4.Bc4 e6 5.Nge2 a6 6.a4 Ne7 7.O-O Nec6 8.f4 g6
9.f5 Bg7 10.d3 d6 11.fxe6 fxe6 12.Nxd4 Nxd4 13.Ne2 Bd7 14.Nf4 Qe7 15.Qg4 Rf8
16.Qd1 O-O-O 17.c3 Nc6 18.Be3 g5 19.Nh5 Rxf1+ 20.Qxf1 Ne5 21.Bb3 Ng4 22.Bd2 Be5
23.h3 Nh6 24.d4 cxd4 25.Qc4+ Kb8 26.cxd4 Bh8 27.Bb4 Be8 28.Ng3 g4 29.Rc1 Bc6
30.h4 Qf6 31.d5 exd5 32.exd5 Qd4+ 33.Qxd4 Bxd4+ 34.Kh1 Be8 35.Ne4 Nf5 36.Rf1 Bg6
37.Rf4 Be5 38.Rf2 Nxh4 39.Ng5 Nf5 40.Ne6 Rc8 41.Bd2 Bxb2 42.Bf4 Bc1 43.Kh2 Rc3  0-1

[Event "Asian Youth BU18"]
[Site "Tashkent UZB"]
[Date "2007.07.06"]
[Round "8"]
[White "Djuraev,S"]
[Black "Harika,D"]
[Result "1-0"]
[WhiteElo "2297"]
[BlackElo "2467"]

1.e4 c5 2.Nc3 Nc6 3.Nge2 g6 4.d4 cxd4 5.Nxd4 Bg7 6.Be3 Nf6 7.Bc4 O-O 8.Bb3 a5
9.f3 d5 10.Bxd5 Nxd5 11.Nxd5 f5 12.Nxc6 bxc6 13.Nb6 Rb8 14.Qxd8 Rxd8 15.Rd1 Rxd1+
16.Kxd1 fxe4 17.Nxc8 Rxc8 18.fxe4 Bxb2 19.Ke2 Be5 20.Rb1 Bxh2 21.Rb6 Kf7
22.Ra6 Ke6 23.Rxa5 Be5 24.a4 h5 25.Ra7 g5 26.a5 g4 27.a6 h4 28.Bg5 Bf6 29.Bf4 Bd4
30.Rc7 Rxc7 31.Bxc7 Kd7 32.Bf4 Kc8 33.Bg5 h3 34.gxh3 gxh3 35.Kf3 h2 36.Kg2 h1=Q+
37.Kxh1 Kc7 38.Bxe7 Kb6 39.Bd6 Kxa6 40.e5 Kb7 41.e6 Kc8 42.Be7 Kc7 43.Kg2 Be5
44.Kf3 Bd6 45.Bg5 Bb4 46.Ke4 Kd6 47.Kf5 Bc3 48.Bf6 Bb4 49.Bd8 Bc3 50.Bb6 Ke7
51.Bc5+ Ke8 52.Ke4 Bf6 53.Bd6 Kd8 54.Bc5 Ke8 55.Kd3 Be5 56.Kc4 Bc7 57.Kb4 Kd8
58.Kc4 Ke8 59.Bb4 Bb8 60.Kd4 Bg3  1-0

[Event "XXV Andorra Open"]
[Site "Andorra la Vella AND"]
[Date "2007.07.07"]
[Round "8"]
[White "Sandu,Mi"]
[Black "Clement Gomez,J"]
[Result "0-1"]
[WhiteElo "2226"]
[BlackElo "2357"]

1.e4 c5 2.Nf3 Nc6 3.Nc3 d6 4.d4 cxd4 5.Nxd4 Nf6 6.Bg5 e6 7.Qd2 a6 8.O-O-O Bd7
9.f4 h6 10.Bh4 Be7 11.Nf3 b5 12.e5 dxe5 13.fxe5 b4 14.exf6 bxc3 15.Qxd7+ Qxd7
16.Rxd7 cxb2+ 17.Kb1 Kxd7 18.fxe7 f6 19.Bc4 Na5 20.Bb3 Nxb3 21.axb3 e5 22.Rd1+ Ke6
23.Bf2 Rhc8 24.Kxb2 Kxe7 25.c4 Ke6 26.Kc3 g5 27.c5 Rd8 28.Rxd8 Rxd8 29.Kc4 g4
30.Ne1 Rd2 31.Bg3 f5 32.c6 f4 33.Bh4 Kd6 34.Bf6 Re2 35.Nd3 f3 36.gxf3 gxf3
37.Bh4 Kxc6 38.Bg3 Rc2+ 39.Kb4 e4 40.Ne5+ Kd5 41.Ng4 Kd4 42.Nxh6 f2 43.Nf5+ Kd3  0-1

[Event "Open"]
[Site "Banska Stiavnica SVK"]
[Date "2007.07.07"]
[Round "1"]
[White "Bindrich,F"]
[Black "Csiba,D"]
[Result "1-0"]
[WhiteElo "2504"]
[BlackElo "2136"]

1.e4 c5 2.Nf3 Nc6 3.Nc3 Nf6 4.Bb5 Nd4 5.e5 Nxb5 6.Nxb5 Nd5 7.Ng5 e6 8.Ne4 Be7
9.Nbd6+ Kf8 10.O-O f5 11.Qh5 g6 12.Qh6+ Kg8 13.Nxc5 Qc7 14.Ne8 Qxe5 15.d4 Qxd4
16.c3 Nxc3 17.bxc3 Qxc3 18.Bd2  1-0

[Event "South Wales Masters"]
[Site "Caerleon WLS"]
[Date "2007.07.07"]
[Round "1"]
[White "Wells,P"]
[Black "Rees,I"]
[Result "1-0"]
[WhiteElo "2499"]
[BlackElo "2257"]

1.e4 c5 2.Nc3 Nc6 3.Bb5 e6 4.Bxc6 bxc6 5.d3 Nf6 6.e5 Nd5 7.Ne4 d6 8.exd6 Bxd6
9.Nf3 O-O 10.O-O Be7 11.Qe2 Ba6 12.c4 Nf6 13.Bf4 Qb6 14.Rab1 Rfd8 15.Neg5 Bc8
16.Ne5 Rf8 17.Qf3 Nd7 18.Ne4 Nxe5 19.Bxe5 f6 20.Bd6 Bxd6 21.Nxd6 Rd8 22.Ne4 Rd4
23.Qg3 Kh8 24.f4 Ba6 25.b3 Rad8 26.Rbd1 Bc8 27.Qe3 a5 28.Nc3 Qb4 29.Na4 Ba6
30.Qe2 h6 31.h3 Bc8 32.Rf3 Qb8 33.Qe3 Qd6 34.Nc3 e5 35.fxe5 Qxe5 36.Qxe5 fxe5
37.Re3 Bf5 38.Rxe5 Rxd3 39.Rxd3 Rxd3 40.Rxf5 Rxc3 41.Rxc5 a4 42.b4 Ra3 43.Rxc6 Rxa2
44.Ra6 a3 45.b5 Ra1+ 46.Kf2 a2 47.c5 Kg8 48.b6 Kf7 49.b7 Rb1 50.c6  1-0

[Event "Summer GM"]
[Site "Lugansk UKR"]
[Date "2007.07.07"]
[Round "10"]
[White "Blednov,S"]
[Black "Kostromin,M"]
[Result "0-1"]
[WhiteElo "2301"]
[BlackElo "2409"]

1.e4 c5 2.Nc3 Nc6 3.Nf3 d6 4.d4 cxd4 5.Nxd4 Nf6 6.g3 Bd7 7.Bg2 g6 8.O-O Bg7
9.h3 O-O 10.Be3 Rc8 11.Nd5 Nxd5 12.exd5 Nxd4 13.Bxd4 Bxd4 14.Qxd4 Rxc2 15.Qxa7 Rxb2
16.a4 Qb6 17.Qxb6 Rxb6 18.Rfb1 Rxb1+ 19.Rxb1 Rb8 20.a5 Kf8 21.a6 b5 22.Bf1 Ra8
23.Bxb5 Bxb5 24.Rxb5 Rxa6 25.Rb8+ Kg7 26.Rb7 Kf6 27.Rb5 Ra1+ 28.Kg2 Rc1 29.Kf3 Rc2
30.Ra5 g5 31.Rb5 h5 32.Ra5 Rc3+ 33.Ke4 h4 34.gxh4 gxh4 35.f3 Rc4+ 36.Kd3 Rc5
37.Rxc5 dxc5 38.Kc4 Ke5 39.Kxc5 Kf4 40.Kc6 Kxf3 41.Kd7 Ke4 42.Kxe7 Kxd5 43.Kxf7 Ke4  0-1

[Event "6th IM"]
[Site "Condom FRA"]
[Date "2007.07.08"]
[Round "2"]
[White "Rada Equiza,M"]
[Black "Roser,K"]
[Result "0-1"]
[WhiteElo "2271"]
[BlackElo "2408"]

1.e4 c5 2.Nf3 Nc6 3.Nc3 d6 4.d4 cxd4 5.Nxd4 Nf6 6.f3 e5 7.Nb3 Be7 8.Be3 O-O
9.Qd2 a5 10.Bb5 Na7 11.Be2 Be6 12.Rd1 Nc8 13.Qc1 Qc7 14.Nb5 Qc6 15.c4 a4
16.Nd2 Nb6 17.O-O Rfc8 18.g4 Nfd7 19.g5 Bh3 20.Rf2 f6 21.Nf1 f5 22.f4 exf4
23.Nd4 fxe3 24.Qxe3 Qc5 25.Qxh3 Nxc4 26.Nxf5 Bf8 27.Rd5 Qb6 28.Bxc4 Rxc4
29.N1e3 Rxe4 30.Ng4 Rf4 31.Nfe3 Rxf2 32.Nxf2 Re8 33.Qxd7 Qxe3 34.Rf5 Qe1+
35.Kg2 Qe7 36.Qxa4 g6 37.Qc4+ Kh8 38.Rf7 Qxg5+ 39.Qg4 Qd5+ 40.Qf3 Qxf3+ 41.Kxf3 Be7
42.Ke4 Kg8 43.Rf3 Bf6+ 44.Kd5 Bxb2 45.Kxd6 Ra8 46.Ne4 Rxa2 47.Rb3 Bg7 48.Rxb7 Rxh2
49.Ke7 Bf8+ 50.Kd8 Bg7 51.Ke7 Be5 52.Ke6 Ba1 53.Ra7 Re2 54.Kd5 Bb2 55.Ra2 Kg7
56.Ng5 Re5+  0-1

[Event "Lake Sevan"]
[Site "Martuni ARM"]
[Date "2007.07.08"]
[Round "3"]
[White "Li Chao"]
[Black "Petrosian,TL"]
[Result "0-1"]
[WhiteElo "2320"]
[BlackElo "2580"]

1.e4 c5 2.Nf3 Nc6 3.Nc3 g6 4.Bb5 Bg7 5.Bxc6 dxc6 6.d3 Nf6 7.h3 O-O 8.Be3 b6
9.Qd2 e5 10.O-O-O Qd6 11.g4 b5 12.Bh6 Be6 13.Ne2 Nd7 14.Ng3 Bxa2 15.Rdg1 Bxh6
16.Qxh6 Qf6 17.b3 c4 18.Ng5 Rfd8 19.Nf5 gxf5 20.Qxh7+ Kf8 21.gxf5 cxb3 22.Ne6+ Ke7
23.Nxd8 Rxd8 24.Rg6 Rh8 25.Rxf6 Rxh7 26.Rxc6 a5 27.Kb2 a4 28.c3 Rh4 29.Ka3 Rf4
30.h4 Rxf2 31.h5 b4+ 32.cxb4 Bb1 33.b5 Bxd3 34.h6 b2 35.h7 Rh2 36.Rxh2 b1=Q
37.Rc3 Nb6 38.h8=Q Nc4+ 39.Kxa4 Qa1+ 40.Kb4 Qa5+ 41.Kc5 Qxc3 42.f6+ Kd7 43.Qb8 Nd6+
44.Kb6 Nc8+  0-1

[Event "Ladoga Summer"]
[Site "Novaya Ladoga RUS"]
[Date "2007.07.08"]
[Round "4"]
[White "Smirnov,Vl2"]
[Black "Hermanov,A"]
[Result "1/2-1/2"]
[WhiteElo "2251"]
[BlackElo "2331"]

1.e4 c5 2.Nf3 Nc6 3.Nc3 g6 4.d4 cxd4 5.Nxd4 Bg7 6.Be3 Nf6 7.Qd2 O-O 8.Be2 d5
9.exd5 Nxd5 10.Nxd5 Qxd5 11.Bf3 Qc4 12.Be2 Qd5 13.Bf3 Qc4 14.Be2 Qd5  1/2-1/2

[Event "Canadian Open"]
[Site "Ottawa CAN"]
[Date "2007.07.08"]
[Round "2"]
[White "Tu Hoang Thong"]
[Black "Gordon,D"]
[Result "1/2-1/2"]
[WhiteElo "2483"]
[BlackElo "2239"]

1.e4 c5 2.Nc3 Nc6 3.Bb5 Nd4 4.Bc4 d6 5.Nge2 Nf6 6.d3 e5 7.Bg5 Be7 8.Bxf6 gxf6
9.Nxd4 cxd4 10.Nd5 Be6 11.O-O O-O 12.f4 Kh8 13.Qh5 Rg8 14.f5 Rg5 15.Qe2 Bd7
16.a4 Qf8 17.c3 dxc3 18.bxc3 Bd8 19.a5 a6 20.Rfb1 Bc6 21.Nb4 Be8 22.Bd5 Qe7
23.Nc2 Rb8 24.Rb3 Qc7 25.Qf2 Bc6 26.Nb4 Ra8 27.g3 Qd7 28.Qa2 Qc7 29.Kg2 Bb5
30.Qf2 Be8 31.Bc4 Bb5 32.Nd5 Qc6 33.Bxb5 axb5 34.h4 Rg8 35.Qb2 Rxa5 36.Rxa5 Bxa5
37.Rxb5 Qa6 38.Nxf6 Bxc3 39.Qb3 Rf8 40.Nd7 Rg8 41.Qxf7 Qxb5 42.Qf6+ Rg7 43.Qf8+ Rg8
44.Qf6+ Rg7  1/2-1/2

[Event "Campeonato Continental Absolut"]
[Site "Cali COL"]
[Date "2007.07.10"]
[Round "1"]
[White "Rodriguez Vila,A"]
[Black "Sanchez,V"]
[Result "1-0"]
[WhiteElo "2559"]
[BlackElo "2256"]

1.e4 c5 2.Nc3 Nc6 3.Nge2 d6 4.g3 g6 5.d4 cxd4 6.Nxd4 Bg7 7.Nde2 Bg4 8.Bg2 Ne5
9.f4 Nf3+ 10.Kf2 Nd4 11.Be3 Nxe2 12.Nxe2 Qd7 13.h3 Be6 14.Nd4 Nf6 15.Qd3 O-O
16.c4 a6 17.f5 Nh5 18.Bf3 b5 19.fxe6 fxe6 20.cxb5 axb5 21.Kg2 Be5 22.Bg4 Ng7
23.Nxe6 Nxe6 24.Qd5 Kf7 25.Rhf1+ Bf6 26.e5 h5 27.exf6 hxg4 28.fxe7+ Kxe7
29.Bg5+  1-0

[Event "Kaupthing Open"]
[Site "Differdange LUX"]
[Date "2007.07.10"]
[Round "5"]
[White "Wehmeier,S"]
[Black "Sorm,D"]
[Result "1/2-1/2"]
[WhiteElo "2417"]
[BlackElo "2250"]

1.e4 c5 2.Nc3 Nc6 3.Nf3 d6 4.d4 cxd4 5.Nxd4 Nf6 6.Bg5 e6 7.Qd2 Be7 8.O-O-O O-O
9.f4 h6 10.Bxf6 Bxf6 11.Nxc6 bxc6 12.Qxd6 Qb6 13.e5 Rd8 14.Qa3 Qe3+ 15.Kb1 Rxd1+
16.Nxd1 Qxa3 17.bxa3 Rb8+ 18.Ka1 Be7 19.a4 Ba3 20.c3 c5 21.Bb5 a6 22.Bc4 Bb7
23.Re1 Bc1 24.Re2 Rd8 25.Nf2 Rd2 26.g3 Bb2+ 27.Kb1 Rxe2 28.Bxe2 Bxc3 29.Nd3 Be4
30.Kc1 Bxd3 31.Bxd3 a5 32.Kd1 Kf8 33.Ke2 Ke8 34.Kf3  1/2-1/2

[Event "Kaupthing Open"]
[Site "Differdange LUX"]
[Date "2007.07.10"]
[Round "5"]
[White "Herbold,M"]
[Black "Holm,S"]
[Result "0-1"]
[WhiteElo "2167"]
[BlackElo "2262"]

1.Nc3 c5 2.e4 Nc6 3.Bb5 g6 4.Nge2 Bg7 5.Bxc6 dxc6 6.d3 e5 7.Be3 b6 8.Qd2 Nf6
9.f3 h5 10.h4 Qc7 11.a4 a5 12.b3 Be6 13.Nd1 Nd7 14.Nf2 O-O-O 15.Nc3 Kb7 16.Nfd1 f5
17.Nb2 f4 18.Bf2 Bf7 19.Nc4 Nf8 20.Rb1 Ne6 21.Na2 Ra8 22.c3 b5 23.Na3 Be8
24.O-O b4 25.cxb4 cxb4 26.Nc4 c5 27.Nc1 Ka6 28.Ne2 Qe7 29.Rfc1 Bd7 30.d4 cxd4
31.Rc2 Rhc8 32.Nc1 Nc5 33.Nd3 Nxd3 34.Qxd3 Kb7 35.Rbc1 Qe6 36.Be1 Bf8 37.Kf1 Be7
38.Bf2 g5 39.hxg5 Bxg5 40.Qd2 Be7 41.Qe1 h4 42.Bxh4 Rh8 43.Bf2 Rh1+ 44.Bg1 d3
45.Nxa5+ Rxa5 46.Rc7+ Kb8 47.Qf2 Bh4 48.Qg3 fxg3  0-1

[Event "Canadian Open"]
[Site "Ottawa CAN"]
[Date "2007.07.10"]
[Round "5"]
[White "Critelli,J"]
[Black "O'Donnell,T"]
[Result "0-1"]
[WhiteElo "2262"]
[BlackElo "2367"]

1.e4 c5 2.Nc3 Nc6 3.Bb5 Nd4 4.Bc4 g6 5.Nf3 Bg7 6.Nxd4 cxd4 7.Qf3 Nh6 8.Ne2 O-O
9.d3 Qb6 10.Bb3 d6 11.Qg3 Ng4 12.f4 Kh8 13.h3 Ne3 14.Bxe3 dxe3 15.Rb1 a5
16.a3 a4 17.Ba2 Ra5 18.O-O Rb5 19.b4 axb3 20.Rxb3 Rxb3 21.Bxb3 Be6 22.Bxe6 fxe6
23.Qg5 Bf6 24.Qg3 Bg7 25.Qg5 Bf6 26.Qg4 Qb2 27.Qg3 Rc8 28.Rc1 Bd4 29.Qg4 Qxc1+  0-1

[Event "Open"]
[Site "Banska Stiavnica SVK"]
[Date "2007.07.11"]
[Round "5"]
[White "Nemeth,Mi1"]
[Black "Pacher,M"]
[Result "1-0"]
[WhiteElo "2427"]
[BlackElo "2255"]

1.e4 c5 2.Nf3 Nc6 3.Nc3 Nf6 4.d4 cxd4 5.Nxd4 e5 6.Ndb5 d6 7.Bg5 a6 8.Na3 b5
9.Bxf6 gxf6 10.Nd5 f5 11.Bxb5 axb5 12.Nxb5 Ra4 13.b4 Qh4 14.O-O Rg8 15.c3 f4
16.Kh1 Rg6 17.g3 fxg3 18.fxg3 Qxe4+ 19.Kg1 Ra6 20.Nbc7+ Kd8 21.b5 Nd4 22.bxa6 Ne2+
23.Kf2 Rh6 24.Rh1 Nxc3 25.Qd2 Qf5+ 26.Kg1 Ne4 27.Qc2 Qg4 28.Qc6 Nf6 29.Qb6 Qd4+
30.Qxd4 exd4 31.a7 Bb7 32.Rb1 Kc8 33.Rxb7  1-0

[Event "South Wales Masters"]
[Site "Caerleon WLS"]
[Date "2007.07.11"]
[Round "7"]
[White "Haslinger,S"]
[Black "Rees,I"]
[Result "1-0"]
[WhiteElo "2450"]
[BlackElo "2257"]

1.e4 c5 2.Nf3 Nc6 3.Nc3 e5 4.Bc4 d6 5.d3 Be7 6.Nd2 Bg5 7.h4 Bxd2+ 8.Bxd2 Nf6
9.f3 Be6 10.Bg5 h6 11.Be3 Qd7 12.Qd2 O-O-O 13.a3 Nd4 14.b4 d5 15.exd5 Bxd5
16.Nxd5 Nxd5 17.Bf2 Nf4 18.Kf1 g5 19.Qe3 Qc7 20.Rc1 gxh4 21.Bxh4 Rdg8 22.Bf6 Nf5
23.Qxe5 Ng3+ 24.Kf2 Nxh1+ 25.Rxh1 Rxg2+ 26.Kf1 Rd2 27.Bxh8 Rd1+ 28.Kf2 Qxe5
29.Bxe5 Nxd3+ 30.cxd3 Rxh1 31.bxc5 Rh5 32.d4 Kd7 33.Bxf7 Rh1 34.d5 Rc1 35.Be6+ Kd8
36.d6  1-0

[Event "Campeonato Continental Absolut"]
[Site "Cali COL"]
[Date "2007.07.11"]
[Round "2"]
[White "Mesias,R"]
[Black "Beltran,C"]
[Result "0-1"]
[WhiteElo "2232"]
[BlackElo "2240"]

1.e4 c5 2.Nf3 Nc6 3.Nc3 g6 4.Bc4 Bg7 5.d3 d6 6.Be3 Nf6 7.h3 O-O 8.O-O Na5
9.e5 Ne8 10.exd6 exd6 11.Bg5 Bf6 12.Bh6 Bg7 13.Qd2 Nxc4 14.dxc4 Be6 15.b3 Qa5
16.Bxg7 Kxg7 17.Rad1 h6 18.Ne4 Qxd2 19.Rxd2 Bf5 20.Nc3 a6 21.a4 g5 22.Ne1 Rd8
23.f4 g4 24.hxg4 Bxg4 25.Ne4 Nf6 26.Nxf6 Kxf6 27.Nd3 Rfe8 28.Nf2 Bf5 29.Rfd1 Re6
30.Kf1 h5 31.a5 Ke7 32.Re1 Kd7 33.Nd1 Rde8 34.Rxe6 fxe6 35.Kf2 Kc6 36.Ne3 Be4
37.Nf1 h4 38.Ke3 d5 39.Nh2 Rg8 40.Nf3 Rg3 41.Kf2 Bxf3 42.gxf3 Rg8 43.Re2  0-1

[Event "6th IM"]
[Site "Condom FRA"]
[Date "2007.07.11"]
[Round "6"]
[White "Lejarre,L"]
[Black "Roser,K"]
[Result "1/2-1/2"]
[WhiteElo "2359"]
[BlackElo "2408"]

1.e4 c5 2.Nf3 Nc6 3.Nc3 d6 4.d4 cxd4 5.Nxd4 Nf6 6.Bg5 Qb6 7.Nb3 e6 8.Bd3 Be7
9.O-O O-O 10.Kh1 Qc7 11.Qe2 a6 12.a4 Nb4 13.Bd2 b6 14.f4 Bb7 15.Nd4 Nxd3
16.cxd3 Rfd8 17.Rac1 Qd7 18.Be3 Rab8 19.Rc2 Rdc8 20.Re1 Bd8 21.b4 e5 22.Nf3 Qe6
23.b5 axb5 24.axb5 Ra8 25.fxe5 dxe5 26.Nd2 Nd7 27.Nc4 h6 28.Rf1 Be7 29.Qf3 Bc5
30.Nd5 f5 31.Bxc5 Rxc5 32.Nce3 Rxc2 33.Nxc2 fxe4 34.dxe4 Rf8 35.Qd3 Rxf1+
36.Qxf1 Bxd5 37.exd5 Qxd5 38.Ne3 Qe4 39.Nf5 Nf6 40.h3 Kh7 41.Nd6 Qf4 42.Qg1 Nd7
43.Qb1+ Kh8 44.Qg6 Nf6 45.Nf5 Qc1+ 46.Kh2 Qc7 47.Qg3 Nh5 48.Qe3 e4+ 49.Kg1 Nf6
50.Kh1 Qd7 51.Qf4 Nh5 52.Qb8+ Kh7 53.Qe5 Nf6 54.Ne7 Qd1+ 55.Kh2 Qf1 56.Nd5 Kh8
57.Nxf6 Qxf6 58.Qe8+ Kh7 59.Qxe4+ Kh8  1/2-1/2

[Event "Inautomarket Open"]
[Site "Minsk BLR"]
[Date "2007.07.11"]
[Round "2"]
[White "Kupreichik,V"]
[Black "Miroshnichenko,E"]
[Result "1/2-1/2"]
[WhiteElo "2384"]
[BlackElo "2671"]

1.e4 c5 2.Nc3 Nc6 3.Nf3 d6 4.d4 cxd4 5.Nxd4 Nf6 6.Bg5 e6 7.Qd2 Be7 8.O-O-O Nxd4
9.Qxd4 O-O 10.e5 dxe5 11.Qxe5 Bd7 12.Be2 Rc8 13.Qg3 Nh5 14.Bxe7 Nxg3 15.Bxd8 Nxe2+
16.Nxe2 Rfxd8 17.g3 Bc6 18.Rxd8+ Rxd8 19.Rd1 Rxd1+ 20.Kxd1 e5 21.Kd2 f6 22.c4 Kf7
23.h4 a5 24.b3 g5 25.Ke3 Ke6 26.a3 h6 27.hxg5 hxg5 28.g4 f5  1/2-1/2

[Event "Copa Puma Mercosur"]
[Site "Villa Martelli ARG"]
[Date "2007.07.11"]
[Round "5"]
[White "Rodriguez Vila,A"]
[Black "Panno,O"]
[Result "1-0"]
[WhiteElo "2547"]
[BlackElo "2457"]

1.e4 c5 2.Nc3 Nc6 3.Nge2 e5 4.Nd5 Nge7 5.Nec3 Nxd5 6.Nxd5 d6 7.Bc4 Be7 8.a3 O-O
9.d3 Be6 10.c3 Bg5 11.b4 Bxc1 12.Rxc1 cxb4 13.axb4 a5 14.bxa5 Nxa5 15.Ba2 Nc6
16.Rc2 Ne7 17.O-O Nxd5 18.exd5 Bd7 19.Qd2 Re8 20.Rb2 b5 21.c4 Qa5 22.Qe3 Qa3
23.Rfb1 bxc4 24.dxc4 Qxe3 25.fxe3 Rec8 26.Rf2 Kf8 27.Rb7 Ke8 28.Rfb2 Kd8
29.Kf2 Rc7 30.R7b6 Ke7 31.Ke2 Ra3 32.R6b3 Rxb3 33.Bxb3 Rb7 34.Kd2 f5 35.Kc3 Ra7
36.Bc2 Ra3+ 37.Kd2 Ra8 38.Rb6 g6 39.Bb3 Bc8 40.Kc3 Ra6 41.Rxa6 Bxa6 42.Kb4 Kd8
43.Ka5 Bc8 44.Kb6 Bd7 45.c5 dxc5 46.Kxc5 f4 47.e4 g5 48.Kd6 g4 49.Bd1  1-0

[Event "ch-SVK"]
[Site "Banska Stiavnica SVK"]
[Date "2007.07.12"]
[Round "6"]
[White "Meszaros,Mi"]
[Black "Hagarova,Z"]
[Result "0-1"]
[WhiteElo "2359"]
[BlackElo "2389"]

1.e4 c5 2.Nf3 Nc6 3.Nc3 g6 4.d4 cxd4 5.Nxd4 Bg7 6.Be3 Nf6 7.Bc4 d6 8.f3 Bd7
9.Qd2 O-O 10.Bb3 Ne5 11.O-O-O Rc8 12.Kb1 Nc4 13.Bxc4 Rxc4 14.g4 b5 15.b3 b4
16.Nce2 Rc7 17.g5 Ne8 18.Ng3 Rc3 19.h4 Qa5 20.h5 Nc7 21.hxg6 hxg6 22.Qh2 Rc8
23.Qh7+ Kf8 24.Ndf5 Bxf5 25.Bd4 Bxd4 26.Rxd4 Ke8 27.Nxf5 gxf5 28.g6 Kd7 29.g7 Rxc2
30.Kxc2 Qxa2+ 31.Kd3 Ne6 32.Rc4 Qxb3+ 33.Kd2 Rxc4  0-1